000 00944nam a22003137a 4500
003 CHAP
005 20220817042547.0
008 971013s1972 r 00010 d
010 _a48134
011 _a49106
035 _a53254
040 _cCHAP
082 _a080
_bS46 v.205
100 0 0 _aTolstoi, León.
_9113655
245 _aAna Karenina
260 _aMéxico, D.F. :
_bPorrúa,
_c1972
300 _a482 p.
490 _aSepan Cuántos
_v; 205
590 _aBATCH-UPD
_b10
_c20130110
_lUCH01
_h1822
590 _aBATCH-UPD
_b10
_c20130410
_lUCH01
_h1156
590 _aBATCH-UPD
_b10
_c20130914
_lUCH01
_h1842
590 _aCONVERSION
_b10
_c20130109
_lUCH01
_h1326
650 1 4 _aNovela rusa.
_982027
830 0 _aSepan cuantos
_v; 205
901 _aBK
942 _cLIBRO
949 _a080 S46 v.205
_bBC
_cLIBRO
_d33724000804704
_eLIBRO
_fc.2
_h38642
_i53254
_si
949 _a080 S46 v.205
_bBC
_cLIBRO
_d33724002020306
_eLIBRO
_h30440
_i53254
_si
999 _c48134
_d48134